Thomas Stearns Eliot /
Descripción Física:
71 pàg. ; 19 cm
Colección:
The Dolphin Books
Idioma:
English
MARC
| LEADER | 00000nam a22000007a 4500 | ||
|---|---|---|---|
| 001 | 24737 | ||
| 003 | AGDB | ||
| 005 | 20260324181535.0 | ||
| 008 | 251009b -uk||||| |||| 00| 0 eng d | ||
| 041 | |a eng | ||
| 100 | |a McGreevy, Thomas, |d 1893-1967 |9 72427 | ||
| 245 | |a Thomas Stearns Eliot / |c a study by Thomas McGreevy | ||
| 246 | |a T.S. Eliot | ||
| 260 | |a London : |b Chatto & Windus , |c 1931 | ||
| 300 | |a 71 pàg. ; |c 19 cm | ||
| 490 | |a The Dolphin Books | ||
| 500 | |a Títol a coberta: T.S. Eliot | ||
| 500 | |a Conté dedicatòria manuscrita | ||
| 501 | |a Prové del fons Joan Junyer i Pascual (1909-1994) | ||
| 600 | 0 | |a Eliot, T.S. (Thomas Stearns), |d 1888-1967 |9 72428 | |
| 650 | |a Fons Joan Junyer i Pascual (1909-1994) |9 72777 | ||
| 942 | |2 udc |c ARXIU |n 1 | ||
| 952 | |0 0 |1 0 |4 0 |6 F50429 |7 1 |9 98412 |a Arxiu |b Arxiu |d 2025-10-09 |l 0 |o F-504-29 |p 24737 |r 2025-10-09 09:52:39 |w 2025-10-09 |y ARXIU | ||
| 999 | |c 130166 |d 130166 | ||